| 000 | 01992nam a2200409 i 4500 | ||
|---|---|---|---|
| 001 | 000002037 | ||
| 003 | DO-SdBNP | ||
| 005 | 20260321073637.0 | ||
| 007 | ta | ||
| 008 | 090630s2007 dr abc 000 0 spa d | ||
| 020 | _a9789945161212 | ||
| 040 |
_aDO-SdBNP _bspa _cBNPHU _erda |
||
| 041 | _aspa | ||
| 082 | 4 |
_a972.93054 _bP438v _222 |
|
| 100 | 1 |
_aPérez Modesto, Rafael, _eautor _c1944- _4aut. _96570 |
|
| 245 | 1 | 0 |
_aVivencias de un guerrillero : _btestimonio de un combatiente del Frente "Juan de Dios Ventura Simó" / _cRafael Pérez Modesto ; prólogo, Miguel Guerrero ; editor, Edgar Valenzuela. |
| 250 | _aPrimera edición | ||
| 264 | 4 |
_aSanto Domingo, República Dominicana : _bEditora Búho, _c©2007. |
|
| 300 |
_a183 páginas : _bilustraciones, retratos y mapa ; _c23 cm. |
||
| 336 |
_atexto _btxt _2rdacontent |
||
| 337 |
_asin mediación _bn _2rdamedia |
||
| 338 |
_avolumen _bnc _2rdacarrier |
||
| 500 | _aIncluye las ruta seguida por combatientes del frente "Juan de Dios Ventura Simó" desde Bonao hasta Ocoa. | ||
| 520 | _a"Vivencias de un guerrillero" describe y analiza las luchas patrióticas del país en las postrimerías de la tiranía Trujillista y la etapa inmediatamente posterior a la misma, con algunos datos autobiográficos. | ||
| 590 | _aInventariado, 2019/MFF | ||
| 600 | 1 | 4 |
_aPérez Modesto, Rafael, _d1944- _xRelatos personales _96571 |
| 600 | 1 | 4 |
_aTrujillo Molina, Rafael Leónidas, _d 1891-1961 _976764 |
| 600 | 1 | 0 |
_a Bosch, Juan, _d1909-2001 _976555 |
| 610 | 2 |
_aMovimiento Revolucionario 14 de Junio (República Dominicana) _91373 |
|
| 651 | 0 |
_aRepública Dominicana -- _xHistoria -- _y1961- _96572 |
|
| 651 | 4 |
_aRepública Dominicana _xHistoria _yRevolución, 1965 _xRelatos Personales. _96573 |
|
| 651 | 4 |
_aRepública Dominicana _xPolítica y gobierno _y1961- _9204 |
|
| 700 | 1 |
_aGuerrero, Miguel, _d1945- _eprologuista _4pr. _914303 |
|
| 700 | 1 |
_aValenzuela, Edgar, _eeditor _4ed. _96575 |
|
| 910 | _aValidado. Control de calidad/MAA | ||
| 942 |
_2ddc _cLBS1 |
||
| 999 |
_c1902 _d1902 |
||